000 00425nam a2200193Ia 4500
003 0100
008 130303s9999 xx 000 0 und d
040 _cARRUPELIB
050 _aB475.J25 1966
100 _aJancar, Barbara
245 4 _aThe Philosophy of Aristotle
260 _aNew York
260 _bMonarch Press
260 _C1966
300 _a276p.
300 _b 23cm
650 _aPHILOSOPHY
942 0 0 _08
999 _c38732
_d38732